000 00525nam a22001697a 4500
005 20250314094843.0
008 250314b |||||||| |||| 00| 0 eng d
020 _a9780470027592
082 _a005.8
_bHEN-C
100 _aHenderson, Callum
245 _aCurrency Strategy :
_bhe Practitioner's Guide to Currency Investing, Hedging and Forecasting /
_cCallum Henderson
260 _aUSA:
_bElsevier;
_c2006.
300 _axiv, 243 p. :
_bill;
_c24 cm.
500 _ainclude index.
650 _aCyber Security
999 _c36886
_d36886